000 01392nam a22002537a 4500
003 DO-SdBNP
005 20210908093814.0
007 ta
008 210623e2004 dr abd|ert||| 00| 0 spa d
040 _aDO-SdBNP
_bspa
_cBNPHU
082 4 _a320.97293
_bR426m
_222
110 1 _aRepública Dominicana.
_9447
_bPresidente (2000-2004 : Mejía Domínguez)
245 1 0 _aEjecutorias del gobierno del presidente Ing. Hipólito Mejía Domínguez :
_bagosto 2000 - febrero 2004.
260 _aSanto Domingo :
_b[s.n.],
_c2004
300 _a313 p. :
_bil., cuadros, mapas ;
_c27 cm
500 _aIncluye listado de siglas de las instituciones públicas.
505 0 0 _tPalabras del Sr. presidente.--
_tPerfil biográfico del presidente.--
_tResumen ejecutivo de las ejecutorias de gobierno.--
_tEjecutorias del gobierno por regiones y provincias: Región Central.-- Región del Valle.-- Región del Distrito Nacional.-- Región Enriquillo.-- Región Este.-- Región Norcentral.-- Región Nordeste.-- Región Noroeste.-- Región Valdesia.--
_tNivel Nacional.--
_tAnexos.
590 _aInventariado, 2021/MFF
651 4 _aRepública Dominicana
_xPolítica y gobierno
_y2000-2004
_914609
651 4 _aRepública Dominicana
_vPolítica económica
_y2000-2004
_979290
651 4 _aRepública Dominicana
_xObras públicas
_y2000-2004
_979425
910 _aValidado. Control de calidad MFF
942 _2ddc
_cLBS1
999 _c49995
_d49995